Working towards results : managing individual performance in the public service

Saved in:
书目详细资料
主要作者: Jorm, Noella
其他作者: Hunt, Julie, Manning, Nick
格式: 图书
出版: London : Commonwealth Secretariat, c1996.
丛编:Working towards results : managing individual performance in the public service
主题:
标签: 添加标签
没有标签, 成为第一个标记此记录!

MARC

LEADER 00000nam a2200000 4500
020 |a 085092491X  |c TZS 7,423.20 
040 |a MUL  |b eng.  |e AACR 
082 |a 352 JOR 
100 |a Jorm, Noella 
245 |a Working towards results :   |b managing individual performance in the public service  |c / Noella Jorm, Julie Hunt and Nick Manning 
260 |a London :  |b Commonwealth Secretariat,  |c c1996. 
300 |a x, 106 p. :  |b 26 cm. 
440 |a Working towards results :  |p  managing individual performance in the public service 
504 |a Includes bibliography. 
546 |a eng. 
650 |a Civil service   |z Commonwealth countries 
650 |a Personnel management 
700 |a Hunt, Julie 
700 |a Manning, Nick 
942 |c BK 
999 |c 1756  |d 1756